Las escritoras y la historia de América Latina /

Shranjeno v:
Bibliografske podrobnosti
Glavni avtor: Ballesteros Rosas, Luisa (autor)
Format: Knjiga
Jezik:španščina
Izdano: Cali, Colombia : Universidad del Valle, 2017, c2017
Serija:(Artes y Humanidades Universidad del Valle)
Teme:
Oznake: Označite
Brez oznak, prvi označite!

MARC

LEADER 00000nam^a2200000^a^4500
001 000399505
005 20250521000000.0
009 20260310121553.372
020 |a 978-958-765-335-9 
037 |a Acervo ITESO - Biblioteca 
041 |a ESP 
082 |a 860. 980  |b BAL 
100 |a Ballesteros Rosas, Luisa  |e (autor) 
245 1 4 |a Las escritoras y la historia de América Latina /  |c L. Ballesteros Rosas. 
264 4 |a Cali, Colombia :  |b Universidad del Valle,  |c 2017, c2017 
300 |a 417 p. 
336 |a texto  |b txt  |2 rdacontenido 
337 |a sin mediación  |b n  |2 rdamedio 
338 |a volumen  |b nc  |2 rdasoporte 
440 1 |a (Artes y Humanidades Universidad del Valle) 
521 |a FIL 2017 EEnlace Centro de Promoción Cultural 
649 |a XX 
650 |a Escritores Latinoamericanos 
650 |a Mujeres Latinoamericanas 
650 |a Literatura de Mujeres -  |z Latinoamérica -  |x Historia y Crítica -  |x Tema Principal 
650 |a Literatura e Historia -  |z Latinoamérica -  |x Historia y Crítica -  |x Tema Principal 
650 |a Literatura Latinoamericana -  |x Historia y Crítica 
650 |a Latinoamérica -  |x Historia 
910 |a Fondo General 
920 |a Impresos - Libros 
930 |a Colección General 
940 |a Literatura 
905 |a 101 
901 |a 0500294771  |b IT1  |c LIT  |i c158221  |u 20250521 
902 |a https://opac.biblio.iteso.mx/vufind/Record/000399505